Κατάλογος Βιβλιοθηκών Mediterranean College

Quantitative Psychological Research (Record no. 8230)

MARC details
000 -LEADER
fixed length control field 01724cam a22002054a 4500
005 - ΗΜΕΡΟΜΗΝΙΑ ΚΑΙ ΩΡΑ ΤΕΛΕΥΤΑΙΑΣ ΕΝΗΜΕΡΩΣΗΣ
Πεδίο ελέγχου 20250605164330.0
008 - FIXED-LENGTH DATA ELEMENTS--GENERAL INFORMATION
Πεδίο ελέγχου σταθερού μήκους 250528s ||||||||||||||||||||||||d
035 ## - SYSTEM CONTROL NUMBER
System control number 23200
020 ## - ISBN
ISBN 9781138226180
040 ## - ΠΗΓΗ ΚΑΤΑΛΟΓΟΓΡΑΦΗΣΗΣ
Φορέας πρωτότυπης καταλογογράφησης MC Athens Campus Library
Γλώσσα καταλογογράφησης Ελληνικά, Μοντέρνα (1453-)
Modifying agency MC Athens Campus Library
Κανόνες περιγραφικής καταλογογράφησης AACR2
245 1# - ΤΙΤΛΟΣ ΚΑΙ ΔΗΛΩΣΗ ΥΠΕΥΘΥΝΟΤΗΤΑΣ
Τίτλος Quantitative Psychological Research
250 ## - EDITION STATEMENT
Edition statement 4th
260 ## - PUBLICATION, DISTRIBUTION, ETC.
Name of publisher, distributor, etc. Routledge - Taylor & Francis Group,
Date of publication, distribution, etc. 2019
300 ## - PHYSICAL DESCRIPTION
Extent 718
520 ## - SUMMARY, ETC.
Summary, etc. This book provides a step - by - step guide to research that students and researchers will find extremely useful. This fourth edition also provides constistently outstanding coverage of the core principles of psycholgical research. Preface, Acknowledgements, Introduction, The Methods Used in Psychological Research, Choice of Topic and Measures and Research Design, The Preliminary Stages of Research, Variables and the Validity of Research Designs, Research Designs and Their Internal Validity, Methods, Asking Question I: Interviews and Surveys, Asking Question II: Measuring Attitudes and Meaning, Observation and Content Analysis, Data and Analysis, Scales of Measurement, Summarising and Describing Data, Going Beyond Description, Samples and Populations, Analysis of Differences Between a Single Sample and a Population, Effect Size and Power, Parametric and Non - Parametric Tests, Analysis of Differences Between Two Levels of an Independent Variable, Preliminary Analysis of Designs with One Independent Variable with More than Two Levels, Analysis of Designs with More than One Independent Variable, Analysis of Covariance (ANCOVA), Screening Data, Exploratory Factor Analysis (EPA), Multivariate Analysis.
700 1# - ΠΡΟΣΘΕΤΗ ΑΝΑΓΡΑΦΗ--ΦΥΣΙΚΟ ΠΡΟΣΩΠΟ
Personal name Clark-Carter David
9 (RLIN) 315
942 ## - ADDED ENTRY ELEMENTS (KOHA)
Koha item type Books
Holdings
Τύπος τεκμηρίου Βιβλιοθήκη Τρέχουσα τοποθεσία Barcode Αριθμός εισαγωγής Ημερομηνία απόκτησης Ταξιθετικό σύμβολο Αριθμός αντιτύπου Κατάσταση απόσυρσης Κατάσταση χαμένου Κατάσταση κατεστραμμένου Μη δανεισμός Σύνολο δανεισμών Ημερομηνία τελευταίας εμφάνισης Χρονολογία τελευταίου δανεισμού Η τιμή ισχύει από
Books MC Athens Campus Library MC Athens Campus Library 9780000082299 7610 05/06/2025 150.72 CLA 1         2 24/02/2026 02/02/2026 05/06/2025

MC Athens Campus Library
Πατησίων 94 & Κοδριγκτώνος 13, 104 34
Πελλήνης 8 & Πατησίων 107, 112 51
Τ: +30 210 8899600

MC Thessaloniki Campus Library
Ίωνος Δραγούμη 21, 54625 | Ίωνος Δραγούμη 15, 54625
Τ: +30 2310 287779 – Τ: +30 2314 440300